Catálogo

Vista normal Vista MARC

Entrada Personal Name

Número de registros utilizados en: 3

001 - CONTROL NUMBER

  • control field: 7490

003 - CONTROL NUMBER IDENTIFIER

  • control field: DLC

005 - DATE AND TIME OF LATEST TRANSACTION

  • control field: 20220504123328.0

008 - FIXED-LENGTH DATA ELEMENTS

  • fixed length control field: 880719n| azannaabn |a aaa

010 ## - LIBRARY OF CONGRESS CONTROL NUMBER

  • LC control number: 88038297

035 ## - SYSTEM CONTROL NUMBER

  • System control number: (OCoLC)oca02322555

040 ## - CATALOGING SOURCE

  • Original cataloging agency: DNLM
  • Language of cataloging: spa
  • Description conventions: rda
  • Transcribing agency: Mx-PuUPA
  • Modifying agency: DLC
  • Modifying agency: OCoLC
  • Modifying agency: OClW-H
  • Modifying agency: DNLM
  • Modifying agency: Mx-PuUPA

100 1# - HEADING--PERSONAL NAME

  • Personal name: Kliegman, Robert,

370 ## - ASSOCIATED PLACE

  • Place of birth: Milwaukee, W

372 ## - FIELD OF ACTIVITY

  • Field of activity: Pediatría
  • Field of activity: Medicina neonatal-perinatal

373 ## - ASSOCIATED GROUP

  • Associated group: Universidad Estatal de Nueva York
  • Associated group: Universidad Case Western Reserve
  • Associated group: Facultad de Medicina de Wisconsin

374 ## - OCCUPATION

  • Occupation: Médico

374 ## - OCCUPATION

  • Occupation: Autor

375 ## - GENDER

  • Gender: hombre

377 ## - ASSOCIATED LANGUAGE

  • Language code: eng
  • Source of code: MARC code list for languages

378 ## - FULLER FORM OF PERSONAL NAME

  • Fuller form of personal name: Robert M.

400 1# - SEE FROM TRACING--PERSONAL NAME

  • Personal name: Kliegman, Robert M.

670 ## - SOURCE DATA FOUND

  • Source citation: Textbook of pediatrics. Nelson essentials of pediatrics, 1989:
  • Information found: CIP t.p. (Robert Kliegman, Dept. of Ped., Case Western Reserve Univ. Sch. of Med., Cleveland, Ohio) book pref. (Robert M. Kliegman)

670 ## - SOURCE DATA FOUND

  • Source citation: Nelson essentials of pediatrics, c2011:
  • Information found: t.p. (Robert M. Kliegman, MD; Prof. and Chair, Dept. of Pediatrics, Medical College of Wisconsin; Pediatrician-in-Chief, Pamela and Leslie Muma Chair in Pediatrics, Children's Hospital of Wisconsin, Milwaukee)

670 ## - SOURCE DATA FOUND

  • Source citation: Biblioteca del congreso (Estados Unidos), 13 abril 2018:
  • Information found: catálogo electrónico
  • Uniform Resource Identifier: https://goo.gl/2qHJkA